<?xml version="1.0" encoding="UTF-8"?>
<record
    xmlns:xsi="http://www.w3.org/2001/XMLSchema-instance"
    xsi:schemaLocation="http://www.loc.gov/MARC21/slim http://www.loc.gov/standards/marcxml/schema/MARC21slim.xsd"
    xmlns="http://www.loc.gov/MARC21/slim">

  <leader>01704cam a2200277   4500</leader>
  <controlfield tag="001">25461</controlfield>
  <controlfield tag="003">BD-RjUL</controlfield>
  <controlfield tag="005">20211209050901.0</controlfield>
  <controlfield tag="008">140318s1970    ii       b    011 0 eng</controlfield>
  <datafield tag="035" ind1=" " ind2=" ">
    <subfield code="a">(BD-RjUL)</subfield>
  </datafield>
  <datafield tag="040" ind1=" " ind2=" ">
    <subfield code="a">DLC</subfield>
    <subfield code="c">DLC</subfield>
    <subfield code="d">DLC</subfield>
    <subfield code="b">eng</subfield>
  </datafield>
  <datafield tag="041" ind1=" " ind2=" ">
    <subfield code="a">eng</subfield>
  </datafield>
  <datafield tag="082" ind1=" " ind2=" ">
    <subfield code="a">950</subfield>
    <subfield code="b">STU</subfield>
  </datafield>
  <datafield tag="245" ind1="0" ind2="0">
    <subfield code="a">Studies in Asian history and culture /</subfield>
    <subfield code="b">presented to Dr. B. R. Chatterji on his eightieth birthday.</subfield>
    <subfield code="c">Edited by Buddha Prakash.</subfield>
  </datafield>
  <datafield tag="260" ind1=" " ind2=" ">
    <subfield code="a">[Meerut :</subfield>
    <subfield code="b">Meenakshi Prakashan,</subfield>
    <subfield code="c">1970.</subfield>
  </datafield>
  <datafield tag="300" ind1=" " ind2=" ">
    <subfield code="a">xxxii, 215 p. :</subfield>
    <subfield code="c">23 cm.</subfield>
  </datafield>
  <datafield tag="350" ind1=" " ind2=" ">
    <subfield code="a">Rs25.00</subfield>
  </datafield>
  <datafield tag="504" ind1=" " ind2=" ">
    <subfield code="a">Includes bibliographical references.</subfield>
  </datafield>
  <datafield tag="505" ind1="0" ind2=" ">
    <subfield code="a">From medieval to modern in Asian history, by Buddha Prakash.--Survey of some aspects of Old-Javanese inscriptions of central Java, by H. B. Sarkar.--Ch&#x2BE;uan-Fa Yuan, the imperial institute for transmission of Buddha-dharma in Sung China, by Jan Yun-Hua.--Karman and retributive justice in ancient Java, by J. Gonda.--The study of oriental cultures in western universities, by J. R. Riviere.--Sanskrit lexicons in Tibet, by Lokesh Chandra.--Man-Chu-Shih-li, an essay on polity and religion in inner Asia, by N. C. Sinha.--The glory of Indian art in the eastern seas, by R. Mukerjee.--The Vo-Canh inscription, by R. C. Majumdar.--The concept of cetana in Indonesian Saivism, by S. D. Singhal.--Narayana as ocean, by V. S. Agrawala.--The birth-place of Bhavabhuti, by V. V. Mirashi.--Glimpses of greater India, by S. C. Roy.--Vietnam: conditions for peace, by K. R. Bombwall.</subfield>
  </datafield>
  <datafield tag="651" ind1=" " ind2="0">
    <subfield code="a">Asia</subfield>
    <subfield code="x">Civilization.</subfield>
    <subfield code="9">78296</subfield>
  </datafield>
  <datafield tag="700" ind1="1" ind2=" ">
    <subfield code="a">Chatterjee, Bijan Raj.</subfield>
    <subfield code="9">78297</subfield>
  </datafield>
  <datafield tag="700" ind1="1" ind2=" ">
    <subfield code="a">Prakash, Buddha,</subfield>
    <subfield code="d">1924-</subfield>
    <subfield code="e">ed.</subfield>
    <subfield code="9">78298</subfield>
  </datafield>
  <datafield tag="942" ind1=" " ind2=" ">
    <subfield code="2">ddc</subfield>
    <subfield code="c">BK</subfield>
  </datafield>
  <datafield tag="999" ind1=" " ind2=" ">
    <subfield code="c">25461</subfield>
    <subfield code="d">25461</subfield>
  </datafield>
  <datafield tag="952" ind1=" " ind2=" ">
    <subfield code="0">0</subfield>
    <subfield code="1">0</subfield>
    <subfield code="2">ddc</subfield>
    <subfield code="4">0</subfield>
    <subfield code="7">2</subfield>
    <subfield code="8">NFIC</subfield>
    <subfield code="a">RUCL</subfield>
    <subfield code="b">RUCL</subfield>
    <subfield code="c">Reading</subfield>
    <subfield code="d">1974-06-19</subfield>
    <subfield code="e">India Govt Gift.</subfield>
    <subfield code="g">0.00</subfield>
    <subfield code="l">0</subfield>
    <subfield code="o">950 STU 1970</subfield>
    <subfield code="r">2014-03-18 00:00:00</subfield>
    <subfield code="t">C-1</subfield>
    <subfield code="w">2014-03-18</subfield>
    <subfield code="y">BK</subfield>
  </datafield>
</record>
